000
00318nam a22001457a 4500
008
230626b ||||| |||| 00| 0 eng d
020
_a
9780199766109
041
_a
eng
080
_a
573
082
_a
573LAM
100
_a
16
101
_a
BIOLOGJI
245
_a
BIOLOGICAL PSYCHOLOGY
_c
LAMBERT.K
942
_2
udc
_c
BK
999
_c
60040
_d
60040